| 000 | 00643nam a2200229 a 4500 | ||
|---|---|---|---|
| 001 | BRL_1847 | ||
| 005 | 20190320211408.0 | ||
| 008 | 100815s1957----enko######---#000-0#eng-# | ||
| 041 | _aeng | ||
| 044 | _aenk | ||
| 050 | 4 |
_aN7350 _b.M86 1957 |
|
| 100 | 1 |
_aMunsterberg, Hugo _d1916- _93180 |
|
| 245 | 1 | 0 |
_aThe arts of Japan _ban Illustrated History _cHugo Munsterberg. |
| 260 |
_aLondon _bThames and Hudson _c1957 |
||
| 300 |
_axviii, 201 p. _bil. _c26 cm. |
||
| 500 | _aAu2103 | ||
| 500 | _aIncluye índice alfabético | ||
| 504 | _aBibliografía: p. 187-190 | ||
| 650 | 1 | 4 |
_aArte _xHistoria _zJapón _91234 |
| 902 | _aGRL | ||
| 942 |
_2lcc _cB |
||
| 999 |
_c10655 _d10655 |
||